000 00512nam a22001817a 4500
003 CEME
005 20210628210505.0
008 210208b xxu||||| |||| 00| 0 eng d
020 _a0-85312-837-
040 _c.
082 _a620.1123 FE
100 _aFenner, R.T
_979594
245 _aEngineering elasticit application of numeriacl and analytical techniques
260 _aNEW YORK
_bELLIS HORWOOD LIMITED
_c1986
300 _a430P
650 _aENGINEERING MATHEMATICS ELASTICITY
_979595
942 _cBK
_2ddc
999 _c584618
_d584618